Metody doboru zmiennych w modelach ekonometrycznych

Guardado en:
Detalles Bibliográficos
Autor principal: Grabinski, Tadeusz
Otros Autores: Wydymus, S., Zeliaś, Aleksander
Formato: Libro
Lenguaje:polaco
Publicado: Warszawa Wyd. naukowe 1982
Etiquetas: Agregar Etiqueta
Sin Etiquetas, Sea el primero en etiquetar este registro!

MARC

LEADER 00000nam a2200000 4500
001 c110740
005 20220505115421.0
041 0 |a pol 
044 |a PL 
245 1 0 |a Metody doboru zmiennych w modelach ekonometrycznych  |c Tadeusz Grabinski, S. Wydymus, Aleksander Zelias 
264 1 |a Warszawa  |b Wyd. naukowe  |c 1982 
300 |a 310 s. 
100 1 |a Grabinski, Tadeusz 
700 1 |a Wydymus, S. 
700 1 |a Zeliaś, Aleksander